Numéros 1 du Top 50 - Années 1960 - Statistiques

Statistiques générales
  • Ce quiz a été pris 60 fois
    58 depuis la dernière actualisation
  • Le résultat moyen est 16 sur 39
Statistiques - réponses
#1's Interprète % Correct
10 Johnny Hallyday
100%
2 Édith Piaf
93%
7 Sheila
87%
4 Dalida
78%
2 Jean Ferrat
78%
3 The Beatles
78%
2 Françoise Hardy
76%
3 Charles Aznavour
73%
1 Michel Polnareff
71%
2 Sylvie Vartan
67%
1 Georges Moustaki
64%
1 Henri Salvador
64%
7 Salvatore Adamo
62%
4 Enrico Macias
60%
2 Claude François
56%
4 Richard Anthony
47%
1 Les Chaussettes Noires
40%
4 Mireille Mathieu
40%
1 Aphrodite's Child
33%
1 Joe Dassin
33%
1 Alain Barrière
31%
1 Rika Zaraï
31%
1 Marcel Amont
29%
1 Procol Harum
22%
1 The Moody Blues
22%
1 David Alexandre Winter
20%
1 Jean-François Michael
18%
1 Tom Jones
18%
1 Georgette Plana
16%
1 Guy Mardel
11%
2 Les Compagnons de la chanson
11%
1 André Verchuren
9%
1 Gigliola Cinquetti
9%
1 David McWilliams
7%
1 Peter Holm
7%
1 Petula Clark
7%
1 Barry Ryan
4%
1 John William
4%
1 Mikis Theodorakis
4%
Aucun quiz correspondant
Distribution des résultats
% des personnes avec chaque résultat
Percentile par nombre de réponses
Votre historique - résultats
Vous n’avez pas pris ce quiz depuis la dernière actualisation